00269pam a2200121 a 4500020000500000041000800005082001500013100001300028245004700041250001100088260003500099300001300134 c aeng a581.4bESA aEsau K . aAnatomy Of Seed Plants hTextual Documents a2 nd . aNew Delhi :bWiley India PVT . a550 pg .